Quizzes
Events
Quiz Creation
Community
Videos
Private Events
Remove Ads
Sign In
Join for FREE
Feedback
Dark Mode
Quiz Categories
Sports
Geography
Music
Movies
Television
Just For Fun
Miscellaneous
History
Literature
Language
Science
Gaming
Entertainment
Religion
Holiday
For Kids
Quiz Lab
Recent
Popular Today
Quiz Kudos Today
Editor Picks
Curator Picks
Quizzes by...
Day
Popularity
Type
Ratings
Length
Year
Community
Subscriptions
Recent Discussions
Orange Saloon
Badges
Playlists
Quests
Create
Leaderboards
Showdown
Live 5
Trivia Bingo
Activity
Puzzle Library
Sporcle Events
Private Events
Virtual Trivia
Globe League
Become a Host
Pub Owners
SporcleCon
Opinionation
Our Games
Videos
Blog
Mobile Apps
Partnerships
Remove Ads and Go Orange
Feedback
Just For Fun
Clickable
Get the Picture
Humor
Quick Pick
Word Ladder
Missing Word
Mixed Word
Blitz
Minefield
This or That
Alphabet
Color
Typing
Sporcle
Puzzle
Word Play
Follow That Line
Logic
Just For Fun
Clickable
Get the Picture
Humor
Quick Pick
Word Ladder
Missing Word
Mixed Word
Blitz
Minefield
This or That
Alphabet
Color
Typing
Sporcle
Puzzle
Word Play
Follow That Line
Logic
Random Quiz
Search Sporcle
×
Quiz Lab
Quiz Lab
Just For Fun
Popular
Type in answers that appear in a list
Type in answers that appear in a list
Classic
Best Score? Go Orange.
Family Feud Stats
Can you name the most popular answers to the following surveys?
By
dumpsterdiver
15m
64 Questions
2,205 Plays
2,205 Plays
2,205 Plays
Comments
Comments
Give Quiz Kudos
Give Quiz Kudos
-
- Ratings
hide this ad
More Info
Replay
Link that replays current quiz
Next Quiz
Link to next quiz in quiz playlist
You Got
0%
They Got
Avg Score
35%
Avg Friend Score
Upgrade to see
Score Distribution
Jump to the score distribution portion of the page
Score
0/64
Timer
15:00
0
Plays Today
% Correct
Snake
76.9%
Fish
74.9%
Pepperoni
73.9%
School
71%
Florida
69.5%
California
69%
Eat
68.6%
Ham
66.8%
Sausage
64.4%
Ruler
63.4%
Mall
55.1%
Hamburger
53.7%
Pop
52.7%
Wedding
52.5%
Candy
51.8%
Tape measure
50.3%
Ice cream
46.8%
Doctor
46.6%
Cook
45.8%
Hawaii
44.1%
South Carolina
43.8%
Lawyer
42.4%
Getting a drivers license
42.2%
Park
42.1%
Worm
41.7%
North Carolina
41.4%
Barbie
38.5%
Whale
38.4%
Hot dogs
37.1%
Graduation
36.9%
Birthday
35.7%
Boil
33.1%
% Correct
Scale
32.8%
Hamburgers
31.7%
Department Store
30.5%
Getting a Passport
30.3%
Psychologist
30.2%
President
29.8%
Slinky
29.7%
Amusement Park
28.5%
Yard stick
27.8%
Yo-Yo
27.6%
Butter
26.7%
Cake
26.3%
Ball
23.9%
Measuring Cup
22.2%
Grocery Store
19.4%
G.I. Joe
16.6%
Jacks
16.6%
Thermometer
16.3%
Top
16.1%
School Picture
15.9%
Hula Hoop
15.7%
Measuring Spoons
15.7%
Airport
15.2%
Husk
15%
Canadian Bacon
14.5%
Hot Wheels
13.3%
Peanut Butter
13.1%
Psychic
9.1%
Banker
4.7%
Long Distant Caller
4.1%
Fire Truck
1%
Computer Technician
0.4%
Quiz Playlist
Details
Report
Send in Message
Add To Playlist
More Info:
Surveys and answers are based off of a Family Feud board game
Classic:
Type in answers that appear in a list
Last Updated: Feb 16, 2017
Quiz Scoreboard
CHALLENGE
Sign Up to Join the Scoreboard
Show All
Scores
Hide
Comments
May contain spoilers
Recently Published
Click the 1999 NBA Draft
by nibperrychub
Sports
2m
Alphabetical 'K' Countries by Flag Minefield
by ylime102
Geography
3m
Pick 6: Fruits
by JohnFran
Miscellaneous
15s
More to Explore
Quiz From the Vault
Featured Blog Post
15 Basketball Trivia Facts You Can Be March Mad About
hide this ad
You Might Also Like...
Tags
Popular Quiz
Family
feud
Game Shows
Survey
Today's Top Quizzes in Just For Fun
Browse Just For Fun
hide this ad
Today's Top Quizzes in Popular
Browse Popular
Top Contributed Quizzes in Just For Fun
1
Just Another 1-25 Logic Puzzle
2
Seasons
3
Quick Pick: Spring Things
4
Pick 6: Letters
5
Pick 6: Foods
6
Pick 6: Colors
7
one piece logic puzzle
8
Crossword Whiteout! 41
9
Four Seasons
10
CrossWordLadder XXIII
Explore More
Trending Topics
Harry Potter
NBA
Kpop
Anime
Crossword
Disney
Marvel
NFL
Pokémon
Soccer
Puzzle
The Office
Country
WWE
Song
hide this ad
More By:
dumpsterdiver
Quiz
Plays
Rating
Category
Featured
Created
Common Spanish Verbs
99,869
4.49
Language
Oct 19, 2010
Miss Teen South Carolina's 2007 Speech
47,143
4.62
Entertainment
Jul 30, 2010
Are YOU Smarter Than A 5th Grader?
10,282
2.89
Just For Fun
Oct 24, 2010
Krusty Krab Pizza
7,126
4.50
Television
Dec 17, 2010
Volleyball Positions
4,731
3.12
Sports
Jul 28, 2010
Go to Creator's Profile
Score Distribution
Quiz Creator Spotlight
dumpsterdiver
Follow
Send a Message
Quizzes Created
-
Created Quiz Play Count
-
More By This Creator
Popular Quizzes Today
1
Find the US States - No Outlines Minefield
2
Countries of Asia Without Outlines Minefield
3
Pick 6: Fruits
4
Alphabetical 'K' Countries by Flag Minefield
5
The Countries of the World
6
Click the 1999 NBA Draft
7
Match the Book to the Film X
8
Find the US States
More Just For Fun Quizzes
Missing Word: Guns N' Roses
Published
Trending Quizzes
Pick 6: Harry Potter
Pick 6: Golfers
Pick 6: Movie Franchises
Pick 6: Foods
Pick 6: Landmarks
Recently Updated
Women's Final Four Teams by Year
bhenderson79
Presidents Quartet II
eogle
Anything But Clue(do)
eogle
Anything But Oceanian Capitals
eogle
Anything But 7
eogle
Anything But Thing
eogle
Word Ladder: February 29
pecheneg
Song Title Questions
pecheneg
Women's NCAA Tournament #1 Seeds
pecheneg
Celebrity Mug Shots
pecheneg
Trending Topics
Marvel
Disney
Crossword
NBA
Kpop
Anime
Harry Potter
The Office
Puzzle
Country
Pokémon
WWE
Soccer
Song
NFL
Your Account Isn't Verified!
In order to create a playlist on Sporcle, you need to verify the email address you used during registration. Go to your
Sporcle Settings
to finish the process.
Report this User
Report this user for behavior that violates our
Community Guidelines
.
Details:
Send Report
Go to the Sporcle.com Mobile Site →
Comments